Statistics for Countries with Capitals relatively further North/East/South/West... from their Geographical Center

Click here to take the quiz!

General Stats

  • This quiz has been taken 42 times
  • The average score is 19 of 40

Answer Stats

COUNTRY% Correct
United States (1.5)
91%
United States (1.6)
91%
Canada (1.3)
88%
Finland (1.4)
88%
Norway (1.3)
85%
Norway (2.4)
85%
Norway (2.6)
85%
Russia (1.4)
82%
Algeria (1.1)
76%
Libya (1.1)
67%
Tunisia (1.1)
55%
Tunisia (1.3)
55%
Benin (1.3)
42%
Benin (1.8)
42%
Denmark (1.4)
42%
Togo (1.4)
42%
Togo (2.0)
42%
Vietnam (0.9)
42%
Vietnam (1.2)
42%
Vietnam (1.5)
42%
Gambia (1.6)
39%
Gambia (2.3)
39%
Mozambique (1.8)
39%
Mozambique (1.9)
39%
Oman (1.1)
39%
Oman (1.4)
39%
Pakistan (1.0)
39%
Malaysia (2.3)
36%
Malaysia (2.8)
36%
Malaysia (3.6)
36%
Austria (0.9)
33%
Austria (1.0)
33%
Uzbekistan (1.3)
33%
Slovakia (1.5)
30%
Slovakia (1.6)
30%
Equatorial Guinea (2.0)
18%
Equatorial Guinea (2.5)
18%
Equatorial Guinea (3.2)
18%
Azerbaijan (1.1)
12%

Score Distribution

Percentile by Number Answered

Percent of People with Each Score

Your Score History

You have not taken this quiz